[Event "2 Flims Chess Open"]
[Site "Flims (CH)"]
[Date "2013.06.18"]
[Round "4.6"]
[White "Naegelin, Lars"]
[Black "Papa, Angelo"]
[Result "1/2-1/2"]
[WhiteElo "1566"]
[BlackElo "1814"]
[PlyCount "114"]
[EventDate "2013.06.15"]

1. e4 g6 2. d4 Bg7 3. Nf3 d6 4. h3 Nf6 5. Nc3 O-O 6. Bc4 c6 7. Bb3 Qc7 8. O-O
Nbd7 9. Bf4 b5 10. a3 a6 11. Qd2 Bb7 12. Bh6 e5 13. Bxg7 Kxg7 14. dxe5 dxe5 15.
Ng5 Rad8 16. Qe3 Qd6 17. Rad1 Qe7 18. f4 exf4 19. Qxf4 Qc5+ 20. Rf2 Nh5 21. Qc7
Qxg5 22. Rxd7 Rxd7 23. Qxd7 Nf4 24. Qd4+ Kg8 25. Qe3 Ne6 26. Qxg5 Nxg5 27. h4
Ne6 28. Bxe6 fxe6 29. Rxf8+ Kxf8 30. e5 c5 31. b4 cxb4 32. axb4 h6 33. Kf2 Ke7
34. g4 g5 35. hxg5 hxg5 36. Ke3 Kd7 37. Kd4 Kc6 38. Nd1 Kb6 39. Nf2 Bf3 40. Nh3
Bxg4 41. Nxg5 Bf5 42. c3 Bg4 43. Nf7 Kc6 44. Nd6 Be2 45. Ne4 Bf3 46. Nc5 Bd5
47. Nxa6 Kb6 48. Nc5 Bc4 49. Ne4 Kc6 50. Nd6 Bd5 51. Nc8 Bc4 52. Nd6 Bd5 53.
Ne4 Kb6 54. Nd2 Kc6 55. Nf1 Bb3 56. Ne3 Ba2 57. Ng4 Bb3 1/2-1/2

[Event "2 Flims Chess Open"]
[Site "Flims (CH)"]
[Date "2013.06.18"]
[Round "4.7"]
[White "Tour, Elena"]
[Black "Coqueraut, Jean Dominique"]
[Result "0-1"]
[WhiteElo "1566"]
[BlackElo "1806"]
[PlyCount "76"]
[EventDate "2013.06.15"]

1. d4 d5 2. Nf3 Nf6 3. Nc3 e6 4. e3 (4. Bg5 Be7 5. Bxf6 Bxf6 6. e4) 4... c5 5.
Be2 (5. dxc5 Bxc5 6. Bb5+ Nc6 7. O-O O-O 8. Bd3 Bb4) 5... Nc6 6. dxc5 Bxc5 7.
a3 O-O 8. O-O a6 9. Bd2 b5 10. b4 Bd6 11. Nd4 Ne5 12. Be1 Bb7 13. f4 Nc4 14.
Bxc4 dxc4 15. Bf2 Qc7 16. Nce2 Rad8 17. c3 Ba8 18. Qe1 Ne4 19. Rc1 Qb7 20. Nf3
Be7 21. Ned4 Bf6 22. Rc2 Rd6 23. Bg3 Nxg3 24. Qxg3 Qe4 25. Qf2 Rfd8 26. Rd2
R6d7 27. Rfd1 h6 28. h4 g6 29. Kh2 Bxd4 30. Nxd4 h5 31. Qg3 Kh7 32. Qf2 Qb7 33.
Qg3 f6 34. Qh3 Qb6 35. Nxe6 $2 Rxd2 36. Rxd2 Rxd2 37. Nf8+ Kg8 38. Nd7 Qd6 0-1

[Event "2 Flims Chess Open"]
[Site "Flims (CH)"]
[Date "2013.06.19"]
[Round "5.1"]
[White "Kunz, Konstantin"]
[Black "Qendro, Llambi"]
[Result "1/2-1/2"]
[WhiteElo "2184"]
[BlackElo "2324"]
[PlyCount "31"]
[EventDate "2013.06.15"]

1. d4 g6 2. e4 Bg7 3. Nc3 c6 4. Be3 d5 5. h3 Qb6 6. Rb1 dxe4 7. Nxe4 Nd7 8. c3
Ngf6 9. Bd3 Nxe4 10. Bxe4 Nf6 11. Bc2 Nd5 12. Bd2 O-O 13. Ne2 c5 14. dxc5 Qxc5
15. O-O Be6 16. Ng3 1/2-1/2

[Event "2 Flims Chess Open"]
[Site "Flims (CH)"]
[Date "2013.06.19"]
[Round "5.2"]
[White "Bigg, Andrew J"]
[Black "Boschetti, Claudio"]
[Result "1-0"]
[WhiteElo "2310"]
[BlackElo "2136"]
[PlyCount "95"]
[EventDate "2013.06.15"]

1. d4 c5 2. d5 Nf6 3. Nf3 b5 4. Bg5 Ne4 5. Bf4 Bb7 6. a4 b4 7. e3 d6 8. Bc4 g6
9. Qd3 Nf6 10. Nbd2 Bg7 11. Ra2 a5 12. Bb5+ Nbd7 13. e4 O-O 14. Nc4 Nb6 15. O-O
Nxc4 16. Bxc4 Nd7 17. Bb5 Nb6 18. c4 Bc8 19. b3 Bg4 20. Nd2 f6 21. h3 Bd7 22.
Re1 Be8 23. Bg3 g5 24. Bxe8 Qxe8 25. Nf1 Nd7 26. f4 gxf4 27. Bxf4 Kh8 28. Ng3
Rg8 29. Nf5 Ne5 30. Bxe5 fxe5 31. Rf1 Qd7 32. Rf3 Bf6 33. Raf2 Rg6 34. Rg3 Rag8
35. Rxg6 Rxg6 36. Qf3 Qe8 37. Kh2 Qg8 38. h4 Rg4 39. g3 Qg6 40. Kh3 h5 41. Nxd6
exd6 42. Qxf6+ Qxf6 43. Rxf6 Rxe4 44. Rxd6 Re3 45. Rc6 Rxb3 46. Rxc5 e4 47. d6
Rd3 48. Rd5 1-0

[Event "2 Flims Chess Open"]
[Site "Flims (CH)"]
[Date "2013.06.19"]
[Round "5.3"]
[White "Gardi, Giuseppe"]
[Black "Grigioni, Giulio"]
[Result "1-0"]
[WhiteElo "2007"]
[BlackElo "1824"]
[PlyCount "61"]
[EventDate "2013.06.15"]

1. d4 Nf6 2. c4 b6 3. Nf3 e6 4. g3 Bb4+ 5. Bd2 Be7 6. Bg2 Ba6 7. Qa4 Bb7 8. O-O
O-O 9. Nc3 d5 10. Ne5 c6 11. cxd5 exd5 12. Rac1 Nfd7 13. Nf3 f5 14. Bf4 a6 15.
Qb3 b5 16. e4 fxe4 17. Nxe4 Nf6 18. Neg5 Qb6 19. Ne6 Re8 20. Rfe1 Bf8 21. Bh3
Nbd7 22. Ne5 Rac8 23. Qd3 Nh5 24. Ng5 Ndf6 25. Be6+ Rxe6 26. Nxe6 Bb4 27. Re2
Nxf4 28. Nxf4 Ne4 29. Rxe4 dxe4 30. Qb3+ Kh8 31. Nf7+ 1-0

[Event "2 Flims Chess Open"]
[Site "Flims (CH)"]
[Date "2013.06.19"]
[Round "5.4"]
[White "Benenati, Gianfranco"]
[Black "Meyer, Peter"]
[Result "1/2-1/2"]
[WhiteElo "1847"]
[BlackElo "2030"]
[PlyCount "41"]
[EventDate "2013.06.15"]

1. e4 e6 2. d4 d5 3. e5 c5 4. c3 Qb6 5. Nf3 Bd7 6. Be2 Bb5 7. O-O (7. Be3 Bxe2
8. Qxe2 Nc6 9. O-O a6 10. Nbd2 cxd4 11. Nxd4 Nxd4 12. Bxd4 Bc5 13. Qg4 g6 14.
Nb3 Bxd4 15. cxd4 Ne7 16. Rac1 O-O 17. Rc3) 7... Bxe2 8. Qxe2 Qa6 9. Qd1 Nd7 (
9... c4 10. Re1 Nc6 11. Nbd2 O-O-O 12. Nf1 Rd7 13. Bf4 Nge7 14. h4 h5 15. Ng3
Ng6 16. Bg5 Be7 17. Qd2) 10. Be3 c4 11. Nbd2 Ne7 12. Nh4 Ng6 13. Qh5 Be7 14.
Bg5 Bxg5 15. Qxg5 b5 16. a3 Qb6 17. f4 Nxh4 18. Qxh4 O-O 19. Rad1 f6 20. Rf3
fxe5 21. fxe5 1/2-1/2

[Event "2 Flims Chess Open"]
[Site "Flims (CH)"]
[Date "2013.06.19"]
[Round "5.5"]
[White "Coqueraut, Jean Dominique"]
[Black "Naegelin, Lars"]
[Result "1/2-1/2"]
[WhiteElo "1806"]
[BlackElo "1566"]
[PlyCount "65"]
[EventDate "2013.06.15"]

1. d4 Nf6 2. c4 e6 3. Nc3 Bb4 4. Qc2 h6 (4... O-O 5. a3 Bxc3+ 6. Qxc3 b6 7. Bg5
Bb7 8. f3 h6 9. Bh4 d5 10. e3 Nbd7) 5. e4 Nc6 6. Nf3 Bxc3+ 7. bxc3 d6 8. Ba3
O-O 9. Bd3 (9. Rd1) 9... Re8 10. O-O e5 11. d5 Ne7 12. Rab1 (12. c5) 12... b6
13. Nh4 (13. Bc1) 13... Nh5 14. g3 Bh3 15. Ng2 (15. Rfd1) 15... Ng6 16. Bc1 (
16. f3) 16... Qc8 (16... Nf6) 17. Be2 (17. f3) 17... Nf6 18. f3 h5 19. Bg5 Nh7
20. Qd2 f6 21. Be3 h4 22. g4 Qd7 23. Bd1 Bxg2 24. Qxg2 (24. Kxg2) 24... Nf4 25.
Bxf4 exf4 26. Rb4 g5 (26... Re5) 27. Ba4 Qe7 28. Bxe8 Rxe8 29. Qf2 (29. Rfb1
Nf8 30. a3 Nd7 31. Qe2 Nc5 32. Qd2 a6 33. R4b2 Nd7 34. Qf2 Nc5 35. Qd4 Nd7 36.
Qd1 Ne5 37. Qe2) 29... Nf8 30. a4 (30. a3) 30... a5 31. Rb5 Nd7 32. h3 (32. Qd2
Nc5 33. Ra1 Nd7 34. Rd1 Nc5 35. Qc2 Qe5 36. Re1 Re7 37. Rb2) 32... Nc5 33. Qc2
1/2-1/2

[Event "2 Flims Chess Open"]
[Site "Flims (CH)"]
[Date "2013.06.19"]
[Round "5.6"]
[White "Naegelin, Luis"]
[Black "Britschgi, Michèle"]
[Result "1-0"]
[WhiteElo "1895"]
[BlackElo "1630"]
[PlyCount "155"]
[EventDate "2013.06.15"]

1. e4 e5 2. Nf3 Nc6 3. d4 d6 4. d5 Nce7 5. Nc3 a6 6. Bd3 Ng6 7. O-O Be7 8. h3
Nf6 9. Nh2 Nd7 10. f4 exf4 11. Bxf4 Nxf4 12. Rxf4 Ne5 13. Nf3 Bg5 14. Nxg5 Qxg5
15. Rf2 Bxh3 16. Be2 h5 17. Qc1 Qg6 18. Qe3 Bg4 19. Qf4 Bxe2 20. Rxe2 Rd8 21.
Rf1 Rd7 22. Nd1 Re7 23. Qf5 Qxf5 24. Rxf5 h4 25. Nc3 Rh6 26. Re3 Ng4 27. Re1 h3
28. b3 h2+ 29. Kh1 Ne5 30. Re3 g6 31. Rf1 Ng4 32. Rh3 Rxh3 33. gxh3 Ne3 34. Rf2
Re5 35. Kxh2 Rh5 36. Kg3 f5 37. Re2 f4+ 38. Kxf4 Nf1 39. Kg4 Rh8 40. Rf2 Ne3+
41. Kf3 Rxh3+ 42. Kf4 g5+ 43. Kxg5 b5 44. a4 b4 45. Na2 a5 46. Re2 Nd1 47. e5
dxe5 48. Rxe5+ Kd7 49. d6 Kxd6 50. Rxa5 Rg3+ 51. Kf4 Rg2 52. Nxb4 Ke7 53. Re5+
Kf7 54. Rc5 Rf2+ 55. Kg3 Rd2 56. Rxc7+ Ke6 57. a5 Nb2 58. a6 Rd8 59. a7 Rg8+
60. Kf3 Nd1 61. Na2 Kd6 62. Rb7 Ra8 63. b4 Kc6 64. Rf7 Nb2 65. Nc3 Nc4 66. b5+
Kc5 67. Kf4 Nd6 68. Rc7+ Kb4 69. b6 Ka5 70. b7 Rf8+ 71. Ke5 Nxb7 72. Rxb7 Ra8
73. Nb5 Re8+ 74. Kd6 Rd8+ 75. Ke7 Ra8 76. Rb8 Rxa7+ 77. Nxa7 Ka6 78. Nc8 1-0

[Event "2 Flims Chess Open"]
[Site "Flims (CH)"]
[Date "2013.06.19"]
[Round "5.7"]
[White "Papa, Angelo"]
[Black "Tour, Elena"]
[Result "1-0"]
[WhiteElo "1814"]
[BlackElo "1566"]
[PlyCount "65"]
[EventDate "2013.06.15"]

1. d4 e6 2. c4 Be7 3. Nf3 d6 4. e4 Nd7 5. Nc3 c6 6. Be3 b6 7. Qd2 Bb7 8. Be2
Ngf6 9. h3 Qc7 10. O-O h6 11. Rfc1 Nh7 12. Rab1 g5 13. d5 a6 14. Nd4 e5 15. Nf5
Bf8 16. dxc6 Bxc6 17. Nd5 Qb7 18. b4 Bxd5 19. cxd5 Nhf6 20. f3 Rh7 21. Rc6 Kd8
22. Rbc1 Ne8 23. a4 f6 24. Qb2 h5 25. a5 bxa5 26. Qa2 Qxb4 27. Rb1 Qxb1+ 28.
Qxb1 Rb8 29. Bb6+ Nxb6 30. Rxb6 Ra8 31. Rb8+ Rxb8 32. Qxb8+ Kd7 33. Bxa6 1-0